000
00325nam a2200133Ia 4500
005
20260328104343.0
008
260328s9999||||xx |||||||||||||| ||und||
100
_a
Sanna, Fausto
245
0
_a
Designing Timber Buildings /
_c
Fausto Sanna
260
_b
The Crowood Press
300
_a
208 p.
650
_a
MADERA
942
_c
BK
999
_c
12192
_d
12192